|
|
|
|
| LEADER |
00000nam0a2200000 4500 |
| 001 |
56226 |
| 005 |
20231031053227.0 |
| 010 |
|
|
|a 5256012371
|
| 035 |
|
|
|a (RuTPU)RU\TPU\book\59053
|
| 090 |
|
|
|a 56226
|
| 100 |
|
|
|a 20030925d2003 m y0rusy50 ca
|
| 101 |
0 |
|
|a rus
|
| 102 |
|
|
|a RU
|
| 105 |
|
|
|a a j 001zy
|
| 200 |
1 |
|
|a Радиопередающие устройства
|e учебник
|f Под ред. В. В. Шахгильдяна
|
| 205 |
|
|
|a 3-е изд., перераб. и доп.
|
| 210 |
|
|
|a Москва
|c Радио и связь
|d 2003
|
| 215 |
|
|
|a 560 с.
|c ил.
|
| 225 |
1 |
|
|a Учебник для вузов
|
| 320 |
|
|
|a Библиогр.: с. 553-556
|
| 610 |
1 |
|
|a связь
|
| 610 |
1 |
|
|a радиопередающие устройства
|
| 610 |
1 |
|
|a генераторы с внешним возбуждением
|
| 610 |
1 |
|
|a возбудители
|
| 610 |
1 |
|
|a устойчивость
|
| 610 |
1 |
|
|a модуляция
|
| 610 |
1 |
|
|a телевизионное вещание
|
| 610 |
1 |
|
|a релейная связь
|
| 610 |
1 |
|
|a спутниковая связь
|
| 610 |
1 |
|
|a радиопередатчики
|
| 610 |
1 |
|
|a надежность
|
| 610 |
1 |
|
|a учебники
|
| 675 |
|
|
|a 621.396.61(075.8)
|v 3
|
| 702 |
|
1 |
|a Шахгильдян
|b В. В.
|g Ваган Ваганович
|4 340
|
| 801 |
|
1 |
|a RU
|b 63413507
|c 20030925
|g PSBO
|
| 801 |
|
2 |
|a RU
|b 63413507
|c 20150626
|g PSBO
|
| 900 |
|
|
|a Радио и связь
|
| 942 |
|
|
|c BK
|
| 954 |
|
|
|b 201100
|
| 959 |
|
|
|a 11/20050209
|d 2
|e 231
|f НФ:2
|